[Event "Mittelfranken-chTB2a 1920"]
[Site "Mittelfranken"]
[Date "2020.01.12"]
[Round "4.8"]
[White "Schoen, Michael"]
[Black "Sawitzki, Nikolaus"]
[Result "1-0"]
[WhiteElo "1672"]
[BlackElo "1673"]
[PlyCount "91"]
[EventDate "2019.10.13"]
[EventType "team-tourn"]
[EventRounds "9"]
[EventCountry "GER"]
[SourceTitle "EXT 2023"]
[Source "ChessBase"]
[SourceDate "2022.10.05"]
[SourceVersion "1"]
[SourceVersionDate "2022.10.05"]
[SourceQuality "1"]
[WhiteTeam "Rothenburg II"]
[BlackTeam "Fuerth SG II"]
[WhiteTeamCountry "GER"]
[BlackTeamCountry "GER"]

1. c4 e5 2. e4 Bc5 3. Nf3 d6 4. Be2 Nc6 5. Nc3 a6 6. 0-0 Nf6 7. d3 h6 8. a3 0-0 9. h3 Nh7 10. b4 Ba7 11. Nd5 Ne7 12. Nxe7+ Qxe7 13. Be3 f5 14. exf5 Bxf5 15. Bxa7 Rxa7 16. Rc1 Raa8 17. Nh2 Rae8 18. Bg4 Ng5 19. Bxf5 Rxf5 20. Ng4 Ref8 21. f3 Ne6 22. Ne3 R5f7 23. Ng4 Nf4 24. Kh2 Qg5 25. Rc2 h5 26. Ne3 h4 27. Ng4 Nh5 28. Qd2 Rf4 29. Rf2 Ng3 30. b5 Ra8 31. b6 Rc8 32. bxc7 Rxc7 33. Qa5 Rcf7 34. Qd5 Rd4 35. f4 Qe7 36. Qa5 Rxd3 37. Rc1 exf4 38. Re1 Qd7 39. Qg5 Nf5 40. Rxf4 Kh7 41. Qh5+ Kg8 42. Qg6 Rg3 43. Rxf5 Rxf5 44. Nh6+ Kh8 45. Re8+ Qxe8 46. Qxe8+ 1-0

[Event "Mittelfranken-chTB2a 1718"]
[Site "Mittelfranken"]
[Date "2018.02.18"]
[Round "5.7"]
[White "Schoen, Michael"]
[Black "Schiefer, Peter"]
[Result "0-1"]
[WhiteElo "1670"]
[BlackElo "1865"]
[PlyCount "68"]
[EventDate "2017.10.08"]
[EventType "team-tourn"]
[EventRounds "9"]
[EventCountry "GER"]
[SourceTitle "EXT 2022"]
[Source "ChessBase"]
[SourceDate "2021.10.06"]
[SourceVersion "1"]
[SourceVersionDate "2021.10.06"]
[SourceQuality "1"]
[WhiteTeam "Rothenburg II"]
[BlackTeam "Heilsbronn"]
[WhiteTeamCountry "GER"]
[BlackTeamCountry "GER"]

1. c4 Nf6 2. d4 g6 3. Nf3 Bg7 4. Nc3 d5 5. e3 0-0 6. Be2 c6 7. 0-0 Nbd7 8. Qc2 a6 9. b3 Nb6 10. Rd1 Bf5 11. Bd3 Bxd3 12. Qxd3 Qc7 13. e4 dxe4 14. Nxe4 Nxe4 15. Qxe4 Rfe8 16. Bf4 Qd7 17. Rac1 Rad8 18. Be5 f6 19. Bg3 Bh6 20. Bf4 Qg4 21. g3 g5 22. h3 Qd7 23. Be3 Bg7 24. Kg2 Nc8 25. Bxg5 Nd6 26. Qc2 fxg5 27. g4 Nf7 28. d5 e6 29. dxe6 Qxe6 30. Re1 Qf6 31. Rh1 Qe6 32. Rhe1 Qf6 33. Rh1 Qf4 34. Ne1 Rd2 0-1

[Event "Mittelfranken-chTB2a 1718"]
[Site "Mittelfranken"]
[Date "2017.11.19"]
[Round "3.8"]
[White "Auth, Bernhard"]
[Black "Schoen, Michael"]
[Result "1/2-1/2"]
[WhiteElo "1706"]
[BlackElo "1670"]
[PlyCount "43"]
[EventDate "2017.10.08"]
[EventType "team-tourn"]
[EventRounds "9"]
[EventCountry "GER"]
[SourceTitle "EXT 2022"]
[Source "ChessBase"]
[SourceDate "2021.10.06"]
[SourceVersion "1"]
[SourceVersionDate "2021.10.06"]
[SourceQuality "1"]
[WhiteTeam "Bad Windsheim/Ansbach"]
[BlackTeam "Rothenburg II"]
[WhiteTeamCountry "GER"]
[BlackTeamCountry "GER"]

1. d4 d6 2. g3 Nf6 3. Bg2 c6 4. Nf3 g6 5. Nbd2 Bg7 6. e4 Nbd7 7. Qe2 0-0 8. 0-0 Qc7 9. Re1 e5 10. c3 Re8 11. dxe5 Nxe5 12. Nxe5 dxe5 13. Nc4 b5 14. Ne3 Be6 15. b3 a6 16. Ba3 Rad8 17. Red1 Rxd1+ 18. Rxd1 Rd8 19. h3 Rxd1+ 20. Qxd1 Qd7 21. g4 Qxd1+ 22. Nxd1 1/2-1/2

[Event "Mittelfranken-chTB2a 1617"]
[Site "Mittelfranken"]
[Date "2017.03.26"]
[Round "8.8"]
[White "Schoen, Michael"]
[Black "Kleist, Werner"]
[Result "1-0"]
[WhiteElo "1670"]
[BlackElo "1258"]
[PlyCount "63"]
[EventDate "2016.10.23"]
[EventType "team-tourn"]
[EventRounds "9"]
[EventCountry "GER"]
[SourceTitle "EXT 2022"]
[Source "ChessBase"]
[SourceDate "2021.10.06"]
[SourceVersion "1"]
[SourceVersionDate "2021.10.06"]
[SourceQuality "1"]
[WhiteTeam "Rothenburg II"]
[BlackTeam "Zirndorf II"]
[WhiteTeamCountry "GER"]
[BlackTeamCountry "GER"]

1. c4 c5 2. Nc3 Nc6 3. Nf3 Nf6 4. e3 e5 5. d3 h6 6. Be2 Be7 7. 0-0 0-0 8. a3 a6 9. Qc2 d5 10. cxd5 Nxd5 11. Ne4 b6 12. b4 f5 13. Ng3 Qe8 14. bxc5 Bxc5 15. Rd1 Bd6 16. Nh4 Nce7 17. Bh5 g6 18. Be2 Be6 19. Qb2 Kh7 20. Nf3 b5 21. Nxe5 Rc8 22. Bd2 Nc6 23. Nxc6 Rxc6 24. Rdc1 Qa8 25. Rxc6 Qxc6 26. Rc1 Qa8 27. Bf3 Qb8 28. Rc6 Nb6 29. Qd4 Nc8 30. Bc3 Qa7 31. Rxd6 Qxd4 32. Rxd4 1-0

[Event "Mittelfranken-chTB2a 1516"]
[Site "Mittelfranken"]
[Date "2015.12.06"]
[Round "4.7"]
[White "Classen, Andrej"]
[Black "Schoen, Michael"]
[Result "0-1"]
[WhiteElo "1783"]
[BlackElo "1633"]
[PlyCount "68"]
[EventDate "2015.10.18"]
[EventType "team-tourn"]
[EventRounds "9"]
[EventCountry "GER"]
[SourceTitle "EXT 2020"]
[Source "ChessBase"]
[SourceDate "2019.10.17"]
[SourceVersion "1"]
[SourceVersionDate "2019.10.17"]
[SourceQuality "1"]
[WhiteTeam "Buechenbach/Roth II"]
[BlackTeam "Rothenburg II"]
[WhiteTeamCountry "GER"]
[BlackTeamCountry "GER"]

1. e4 d6 2. d4 Nf6 3. Nc3 g6 4. f4 Bg7 5. Nf3 c6 6. Be2 0-0 7. 0-0 Nbd7 8. h3 b5 9. a3 a6 10. Be3 Bb7 11. Nd2 c5 12. Bf3 cxd4 13. Bxd4 Qc7 14. Ne2 Nc5 15. e5 Nfd7 16. exd6 Bxd4+ 17. Nxd4 Qxd6 18. Ne2 Bxf3 19. Rxf3 Rad8 20. Qc1 Nf6 21. Nf1 Nce4 22. Nc3 Nxc3 23. Rxc3 Nd5 24. Rf3 Qc5+ 25. Kh2 Rd7 26. c3 Rfd8 27. Qc2 Nf6 28. Re1 e6 29. Re5 Qc7 30. Re1 Nh5 31. g3 Ng7 32. Rfe3 h5 33. h4 Nf5 34. Rf3 Nd4 0-1

[Event "Mittelfranken-chTB2a 1213"]
[Site "Germany"]
[Date "2012.12.16"]
[Round "5.6"]
[White "Schoen, Michael"]
[Black "Schloetterer, Hermann"]
[Result "0-1"]
[WhiteElo "1652"]
[BlackElo "1933"]
[PlyCount "152"]
[EventDate "2012.10.07"]
[EventType "team-tourn"]
[EventRounds "9"]
[EventCountry "GER"]
[SourceTitle "EXT 2019"]
[Source "ChessBase"]
[SourceDate "2018.10.10"]
[SourceVersion "1"]
[SourceVersionDate "2018.10.10"]
[SourceQuality "1"]
[WhiteTeam "Rothenburg"]
[BlackTeam "Nuernberg Zabo"]
[WhiteTeamCountry "GER"]
[BlackTeamCountry "GER"]

1. c4 Nf6 2. Nc3 g6 3. d4 Bg7 4. Nf3 d6 5. Bg5 h6 6. Bd2 c5 7. e3 Nbd7 8. d5 0-0 9. Be2 Ng4 10. Nh4 e5 11. g3 Ngf6 12. e4 Nh7 13. 0-0 Ng5 14. Rc1 Nf6 15. Bxg5 hxg5 16. Ng2 Bh3 17. Re1 Bh6 18. g4 Qd7 19. Ne3 Nh7 20. Qd3 f5 21. Nxf5 gxf5 22. Qxh3 Bg7 23. gxf5 Rf6 24. Bg4 Raf8 25. Qg3 Qf7 26. Re3 Rh6 27. h3 Kh8 28. Kg2 a6 29. Rh1 Bf6 30. Na4 Bd8 31. Rb3 Nf6 32. f3 Ba5 33. Nxc5 dxc5 34. Qxe5 Re8 35. Qd6 b6 36. Qg3 Rh4 37. e5 Nxd5 38. cxd5 Qxd5 39. e6 c4 40. Re3 Qd2+ 41. Qf2 Qd4 42. Re4 Qxf2+ 43. Kxf2 Rh6 44. Rxc4 b5 45. Rc6 Bd2 46. Rd1 Bf4 47. Rd7 Be5 48. Ke2 Bxb2 49. Rcc7 Be5 50. Rb7 Kg8 51. Kd3 Bf6 52. Ke4 Rd8 53. Rbc7 Rb8 54. f4 gxf4 55. Kxf4 Rh4 56. Kg3 Rh6 57. Kf3 Be5 58. Rc1 Rf8 59. e7 Re8 60. Rd8 Kf7 61. Re1 Rxe7 62. Rd5 Kf6 63. Rc1 Kg5 64. Re1 Kf6 65. Rc1 Kf7 66. Rcd1 Rc6 67. Bh5+ Kf6 68. Bg4 Rc3+ 69. R1d3 Rec7 70. Ke2 Rc2+ 71. Rd2 R2c4 72. Kf3 Rf4+ 73. Ke3 Rc1 74. Re2 Ra4 75. Kf3 Rf1+ 76. Rf2 Rf4+ 0-1

[Event "Mittelfranken-chTB2a 1112"]
[Site "Germany"]
[Date "2012.02.05"]
[Round "6.7"]
[White "Christ, Helmut"]
[Black "Schoen, Michael"]
[Result "1-0"]
[WhiteElo "1668"]
[BlackElo "1655"]
[PlyCount "76"]
[EventDate "2011.09.25"]
[EventType "team-tourn"]
[EventRounds "9"]
[EventCountry "GER"]
[SourceTitle "EXT 2013"]
[Source "ChessBase"]
[SourceDate "2012.11.22"]
[SourceVersion "1"]
[SourceVersionDate "2012.11.22"]
[SourceQuality "1"]
[WhiteTeam "Bechhofen II"]
[BlackTeam "Rothenburg"]
[WhiteTeamCountry "GER"]
[BlackTeamCountry "GER"]

1. d4 d6 2. Nf3 Nf6 3. Bf4 g6 4. c4 Bg7 5. Nc3 Nbd7 6. Qd2 c5 7. d5 a6 8. Rc1 Ng4 9. e4 Nde5 10. Nxe5 Nxe5 11. Be2 h5 12. 0-0 Bg4 13. h3 Bd7 14. Be3 f5 15. f4 Nf7 16. e5 dxe5 17. fxe5 Nxe5 18. Bxc5 Qc7 19. Be3 Rd8 20. Na4 Bxa4 21. Qb4 Bd7 22. Bb6 Qb8 23. Bxd8 Kxd8 24. c5 Qc7 25. Rfd1 Ke8 26. Kh1 Bf6 27. Rc3 Kf7 28. Bc4 Kg7 29. d6 Qb8 30. Bd5 Nc6 31. Bxc6 Bxc6 32. Rcd3 Rd8 33. Qb6 Bd7 34. dxe7 Bxe7 35. Rxd7 Rxd7 36. Rxd7 Qg3 37. Rxe7+ Kh6 38. Qe6 Qd3 1-0

[Event "Mittelfranken-chTB2a 1011"]
[Site "Germany"]
[Date "2010.12.05"]
[Round "4.7"]
[White "Borel, Bernd"]
[Black "Schoen, Michael"]
[Result "1-0"]
[WhiteElo "1796"]
[BlackElo "1682"]
[PlyCount "51"]
[EventDate "2010.09.26"]
[EventType "team-tourn"]
[EventRounds "9"]
[EventCountry "GER"]
[SourceTitle "EXT 2012"]
[Source "ChessBase"]
[SourceDate "2011.11.24"]
[SourceVersion "1"]
[SourceVersionDate "2011.11.24"]
[SourceQuality "1"]
[WhiteTeam "Grossenseebach"]
[BlackTeam "Rothenburg/Tauber"]
[WhiteTeamCountry "GER"]
[BlackTeamCountry "GER"]

1. e4 d6 2. d4 Nf6 3. Nc3 g6 4. Bc4 Bg7 5. f3 c6 6. Be3 b5 7. Bb3 a6 8. Qd2 Nbd7 9. Bh6 0-0 10. Nce2 c5 11. c3 c4 12. Bc2 Re8 13. Bxg7 Kxg7 14. h4 h5 15. 0-0-0 Qc7 16. Nh3 a5 17. g4 Rh8 18. gxh5 Nxh5 19. Rdg1 Ndf6 20. Nhf4 Rh6 21. Rg5 b4 22. e5 Nh7 23. Nxh5+ Rxh5 24. Rxh5 gxh5 25. Rg1+ Kh8 26. Qh6 1-0

[Event "Mittelfranken-chTB2a 0910"]
[Site "Mittelfranken"]
[Date "2009.11.22"]
[Round "3.8"]
[White "Schoen, Michael"]
[Black "Staehle, Philipp"]
[Result "1/2-1/2"]
[WhiteElo "1622"]
[BlackElo "1741"]
[PlyCount "80"]
[EventDate "2009.10.11"]
[EventType "team-tourn"]
[EventRounds "9"]
[EventCountry "GER"]
[SourceTitle "EXT 2011"]
[Source "ChessBase"]
[SourceDate "2010.11.26"]
[SourceVersion "1"]
[SourceVersionDate "2010.11.26"]
[SourceQuality "1"]
[WhiteTeam "Rothenburg"]
[BlackTeam "Erlangen SC II"]
[WhiteTeamCountry "GER"]
[BlackTeamCountry "GER"]

1. c4 e5 2. Nc3 Nc6 3. Nf3 d6 4. e4 f5 5. d4 exd4 6. Nxd4 Nxd4 7. Qxd4 Qf6 8. Qxf6 Nxf6 9. Nb5 Kd8 10. exf5 Bxf5 11. Be2 c6 12. Nd4 Bd7 13. 0-0 Kc7 14. Bf4 Re8 15. Rfe1 Re4 16. Be3 Ng4 17. Bxg4 Rxg4 18. f3 Rg6 19. Bf4 h5 20. Kh1 h4 21. h3 Rh5 22. b4 Rf6 23. Bh2 b6 24. a3 a5 25. Re3 Rhh6 26. Rae1 axb4 27. axb4 c5 28. bxc5 bxc5 29. Nb3 Kd8 30. Ra1 Re6 31. Ra8+ Ke7 32. Bf4 Rxe3 33. Bxe3 Rh5 34. Nd2 Re5 35. Bf4 Re1+ 36. Kh2 Kf7 37. Ra7 Ke6 38. Ne4 Be7 39. Ng5+ Bxg5 40. Bxg5 g6 1/2-1/2

[Event "Mittelfrankenliga-B2b 0708"]
[Site "Mittelfranken"]
[Date "2008.04.13"]
[Round "8.7"]
[White "Perner, Bastian"]
[Black "Schoen, Michael"]
[Result "1-0"]
[WhiteElo "1810"]
[BlackElo "1617"]
[PlyCount "53"]
[EventDate "2007.10.14"]
[EventType "team-tourn"]
[EventRounds "9"]
[EventCountry "GER"]
[SourceTitle "EXT 2011"]
[Source "ChessBase"]
[SourceDate "2010.11.26"]
[SourceVersion "1"]
[SourceVersionDate "2010.11.26"]
[SourceQuality "1"]
[WhiteTeam "Heideck/Hilpoltstein"]
[BlackTeam "Rothenburg"]
[WhiteTeamCountry "GER"]
[BlackTeamCountry "GER"]

1. e4 d6 2. d4 Nf6 3. Nc3 g6 4. Bc4 Bg7 5. Be3 0-0 6. f3 a6 7. Qd2 b5 8. Bb3 Nc6 9. Nge2 Na5 10. Bh6 Nxb3 11. axb3 c5 12. Bxg7 Kxg7 13. dxc5 dxc5 14. Qxd8 Rxd8 15. Nxb5 Bb7 16. Nbc3 Rac8 17. Kf2 Rd2 18. Rac1 Rcd8 19. Na4 Nd7 20. Rhd1 Rd6 21. Rxd6 exd6 22. Rd1 Rc8 23. Rxd6 Nf6 24. Nb6 Re8 25. Nd7 Rd8 26. Nxf6 Rxd6 27. Ne8+ 1-0

[Event "Mittelfrankenliga-B2b 0607"]
[Site "Mittelfranken"]
[Date "2006.11.12"]
[Round "2.6"]
[White "Schoen, Michael"]
[Black "Naegelein, Andreas"]
[Result "0-1"]
[WhiteElo "1645"]
[BlackElo "1865"]
[PlyCount "142"]
[EventDate "2006.10.22"]
[EventType "team-tourn"]
[EventRounds "9"]
[EventCountry "GER"]
[SourceTitle "EXT 2011"]
[Source "ChessBase"]
[SourceDate "2010.11.26"]
[SourceVersion "1"]
[SourceVersionDate "2010.11.26"]
[SourceQuality "1"]
[WhiteTeam "Rothenburg"]
[BlackTeam "Postbauer II"]
[WhiteTeamCountry "GER"]
[BlackTeamCountry "GER"]

1. c4 g6 2. d4 Bg7 3. Nf3 d6 4. Nc3 Nc6 5. e3 e5 6. d5 Nce7 7. e4 f5 8. Be2 Nf6 9. Qc2 0-0 10. Nh4 f4 11. h3 g5 12. Nf3 h6 13. Bd2 Bd7 14. Qb3 b6 15. a3 Ng6 16. Rc1 Nh7 17. Nh2 Nh4 18. Rg1 f3 19. Nxf3 Nxf3+ 20. Bxf3 Bxh3 21. Qd1 Bd7 22. Be3 a5 23. Bg4 Rc8 24. Bxd7 Qxd7 25. Ne2 Nf6 26. Ng3 Rce8 27. Qe2 Rf7 28. Rh1 Qg4 29. Qxg4 Nxg4 30. Ke2 Kh7 31. Nf5 Kg6 32. f3 Nxe3 33. Kxe3 Rxf5 34. exf5+ Kxf5 35. g4+ Kg6 36. b3 Rf8 37. Rhf1 Rf4 38. Rcd1 a4 39. bxa4 Rxc4 40. Rc1 Rxa4 41. Rxc7 Rxa3+ 42. Ke4 Ra4+ 43. Kd3 Rd4+ 44. Kc2 Bf8 45. Rd1 Rf4 46. Rd3 b5 47. Rb7 e4 48. fxe4 Rxe4 49. Rg3 Rc4+ 50. Kb3 Rc5 51. Rf3 Bg7 52. Re3 Be5 53. Kb4 Rc4+ 54. Kxb5 Rxg4 55. Kc6 h5 56. Re7 Rc4+ 57. Kd7 Kf5 58. Re1 Ra4 59. Rf7+ Kg4 60. Ke6 h4 61. Rg1+ Bg3 62. Rf5 Re4+ 63. Kf6 Rf4 64. Rf1 h3 65. Kg6 Rxf5 66. Rxf5 Bf4 67. Rf8 h2 68. Rh8 Be5 69. Rh5 Bf4 70. Rh7 Kg3 71. Kf5 Kg2 0-1

[Event "Mittelfrankenliga-B2b 0607"]
[Site "Mittelfranken"]
[Date "2006.10.22"]
[Round "1.6"]
[White "Korth, Manfred"]
[Black "Schoen, Michael"]
[Result "1-0"]
[WhiteElo "1796"]
[BlackElo "1645"]
[PlyCount "49"]
[EventDate "2006.10.22"]
[EventType "team-tourn"]
[EventRounds "9"]
[EventCountry "GER"]
[SourceTitle "EXT 2011"]
[Source "ChessBase"]
[SourceDate "2010.11.26"]
[SourceVersion "1"]
[SourceVersionDate "2010.11.26"]
[SourceQuality "1"]
[WhiteTeam "Heideck/Hilpoltstein"]
[BlackTeam "Rothenburg"]
[WhiteTeamCountry "GER"]
[BlackTeamCountry "GER"]

1. c4 c5 2. Nc3 Nc6 3. Nf3 Nf6 4. g3 g6 5. Bg2 Bg7 6. 0-0 0-0 7. d4 cxd4 8. Nxd4 a6 9. Nxc6 dxc6 10. Qc2 Qc7 11. e4 Be6 12. Bf4 Qa5 13. Ne2 Ng4 14. h3 Ne5 15. b3 Rad8 16. Rad1 Rxd1 17. Rxd1 Rd8 18. Bd2 Qc7 19. f4 Nd3 20. a3 Qb6+ 21. Kh2 Qf2 22. Ba5 b6 23. Bxb6 Ne1 24. Rxd8+ Bf8 25. Bxf2 1-0

[Event "Mittelfranken-chT 0405"]
[Site "Germany"]
[Date "2005.04.17"]
[Round "9.6"]
[White "Pechan, Willi"]
[Black "Schoen, Michael"]
[Result "1-0"]
[WhiteElo "1744"]
[BlackElo "1694"]
[PlyCount "67"]
[EventDate "2004.10.17"]
[EventType "team"]
[EventRounds "9"]
[EventCountry "GER"]
[SourceTitle "EXT 2007"]
[Source "ChessBase"]
[SourceDate "2006.11.23"]
[SourceVersion "1"]
[SourceVersionDate "2006.11.23"]
[SourceQuality "1"]

1. e4 d6 2. d4 Nf6 3. Nc3 g6 4. Nf3 Bg7 5. Be2 0-0 6. 0-0 c6 7. Bg5 b5 8. a3 Qc7 9. Qd2 a6 10. Rfe1 Bb7 11. e5 dxe5 12. Nxe5 Rd8 13. Qe3 Nbd7 14. Ng4 Re8 15. Nh6+ Kf8 16. Bf3 e5 17. dxe5 Nxe5 18. Qc5+ Qe7 19. Rxe5 Qxc5 20. Rxc5 Nd7 21. Rxc6 Bxc6 22. Bxc6 Ra7 23. Rd1 Rc7 24. Bf3 Nc5 25. h4 Ne6 26. Be3 f5 27. Bg5 Nd4 28. Bd5 Nxc2 29. g4 fxg4 30. Nxg4 Nd4 31. Bf4 Rd7 32. Be3 Nf5 33. Bc5+ Ne7 34. Rd3 1-0

[Event "Mittelfranken-chT 0405"]
[Site "Germany"]
[Date "2004.10.17"]
[Round "1.8"]
[White "Schoen, Michael"]
[Black "Ruemler, Stefan"]
[Result "1-0"]
[WhiteElo "1694"]
[BlackElo "1587"]
[PlyCount "63"]
[EventDate "2004.10.17"]
[EventType "team"]
[EventRounds "9"]
[EventCountry "GER"]
[SourceTitle "EXT 2007"]
[Source "ChessBase"]
[SourceDate "2006.11.23"]
[SourceVersion "1"]
[SourceVersionDate "2006.11.23"]
[SourceQuality "1"]

1. c4 e5 2. Nc3 Nf6 3. e4 c6 4. Nf3 Bb4 5. d3 Qe7 6. Bd2 0-0 7. a3 Bxc3 8. Bxc3 d6 9. Be2 c5 10. b4 Nc6 11. 0-0 Nd4 12. Nxd4 cxd4 13. Bd2 a6 14. Rc1 Bd7 15. f4 Rac8 16. f5 b5 17. c5 Rc6 18. Qe1 Rfc8 19. Qg3 Ne8 20. f6 Nxf6 21. Bg5 Kf8 22. Rxf6 Qe8 23. Rxd6 Rxd6 24. cxd6 Rxc1+ 25. Bxc1 Qe6 26. Qh4 h6 27. Qd8+ Be8 28. h3 Qd7 29. Qb6 Qc6 30. Qc5 Qxc5 31. bxc5 Bc6 32. Bd2 1-0